Kime (Record no. 393)

000 -LEADER
fixed length control field 00505nam a22001817a 4500
008 - FIXED-LENGTH DATA ELEMENTS--GENERAL INFORMATION
fixed length control field 170616b xxu||||| |||| 00| p tur d
020 ## - INTERNATIONAL STANDARD BOOK NUMBER
International Standard Book Number 9758747177
041 ## - LANGUAGE CODE
Language code of text/sound track or separate title Türkçe
050 ## - LIBRARY OF CONGRESS CALL NUMBER
Classification number PL248.U984
100 ## - MAIN ENTRY--PERSONAL NAME
Personal name Uzunbay, Zeynep
9 (RLIN) 317
245 ## - TITLE STATEMENT
Title Kime
Statement of responsibility, etc. Zeynep Uzunbay
250 ## - EDITION STATEMENT
Edition statement 1. baskı
260 ## - PUBLICATION, DISTRIBUTION, ETC.
Place of publication, distribution, etc. İstanbul
Name of publisher, distributor, etc. Papirüs Yayınevi
Date of publication, distribution, etc. 2003
300 ## - PHYSICAL DESCRIPTION
Extent 63 sayfa
500 ## - GENERAL NOTE
General note 3 adet mevcuttur.
Ahmet Tüzün, kitabı incelemiş ve notlar almış.
650 #0 - SUBJECT ADDED ENTRY--TOPICAL TERM
9 (RLIN) 145
Topical term or geographic name entry element Türk Edebiyatı
942 ## - ADDED ENTRY ELEMENTS (KOHA)
Source of classification or shelving scheme
Koha item type Books
Holdings
Withdrawn status Lost status Source of classification or shelving scheme Damaged status Not for loan Permanent Location Current Location Shelving location Date acquired Full call number Barcode Date last seen Price effective from Koha item type
        Ödünç verilemez İmren Ahmet Tüzün Kütüphanesi İmren Ahmet Tüzün Kütüphanesi Ahmet Tüzün 2017-06-20 PL248.U984 100100000386 2017-06-20 2017-06-20 Books
        Ödünç verilemez İmren Ahmet Tüzün Kütüphanesi İmren Ahmet Tüzün Kütüphanesi Ahmet Tüzün 2019-10-16 PL248.U984 100100004196 2019-10-16 2019-10-16 Books

This software was implemented, installed and managed by Devinim Software Training Consulting .